000 00845nam a2200217Ia 4500
999 _c39488
_d39488
001 6084
003 GE_BSU
005 20190906111002.0
008 181216s1976||||ge |||||||||||||| ||geo||
040 _cGE_BSU
041 _ageo
080 _a821.353.1-1 ა-27
100 _aადეიშვილი, ნოდარ
_93904
245 _aთოვლის სინათლე :
_bლექსები /
_cნოდარ ადეიშვილი ; რედ. ა. დავითიანი.
264 _aთბილისი :
_bსაბჭოთა საქართველო ;
_c1976.
300 _a78 გვ. ;
_c17 სმ.
653 _aთოვლის სინათლე
653 _aლექსები
700 _aდავითიანი, ა.
_eრედაქტორი
_93905
942 _cBK
_2udc